<?xml version="1.0" encoding="UTF-8"?>
<record
    xmlns:xsi="http://www.w3.org/2001/XMLSchema-instance"
    xsi:schemaLocation="http://www.loc.gov/MARC21/slim http://www.loc.gov/standards/marcxml/schema/MARC21slim.xsd"
    xmlns="http://www.loc.gov/MARC21/slim">

  <leader>00699n   a2200277 a 4500</leader>
  <controlfield tag="001">140</controlfield>
  <controlfield tag="003">OSt</controlfield>
  <controlfield tag="005">20220223103240.0</controlfield>
  <controlfield tag="008">220210b        |||||||| |||| 00| 0 eng d</controlfield>
  <datafield tag="022" ind1=" " ind2=" ">
    <subfield code="a">18625290</subfield>
  </datafield>
  <datafield tag="082" ind1=" " ind2=" ">
    <subfield code="a">801.05</subfield>
    <subfield code="b">J82J</subfield>
  </datafield>
  <datafield tag="245" ind1=" " ind2=" ">
    <subfield code="a">JOURNAL OF LITERARY THEORY</subfield>
  </datafield>
  <datafield tag="260" ind1=" " ind2=" ">
    <subfield code="a">Germany</subfield>
    <subfield code="b">Walter de Gruyter GmbH</subfield>
    <subfield code="c">2017</subfield>
  </datafield>
  <datafield tag="270" ind1=" " ind2=" ">
    <subfield code="a">Berlin, Germany</subfield>
    <subfield code="b">Berlin</subfield>
    <subfield code="d">Germany</subfield>
  </datafield>
  <datafield tag="362" ind1=" " ind2=" ">
    <subfield code="a">11</subfield>
  </datafield>
  <datafield tag="400" ind1=" " ind2=" ">
    <subfield code="f">1</subfield>
  </datafield>
  <datafield tag="410" ind1=" " ind2=" ">
    <subfield code="f">2017</subfield>
  </datafield>
  <datafield tag="653" ind1=" " ind2=" ">
    <subfield code="a">Literature</subfield>
  </datafield>
  <datafield tag="653" ind1=" " ind2=" ">
    <subfield code="a">Literary theory</subfield>
  </datafield>
  <datafield tag="653" ind1=" " ind2=" ">
    <subfield code="a">Musicology</subfield>
  </datafield>
  <datafield tag="653" ind1=" " ind2=" ">
    <subfield code="a">Art theory</subfield>
  </datafield>
  <datafield tag="653" ind1=" " ind2=" ">
    <subfield code="a">Film studies</subfield>
  </datafield>
  <datafield tag="700" ind1=" " ind2=" ">
    <subfield code="a">Jannidis, Fotis</subfield>
  </datafield>
  <datafield tag="856" ind1=" " ind2=" ">
    <subfield code="u">https://www.degruyter.com/journal/key/jlt/html?lang=en</subfield>
  </datafield>
  <datafield tag="942" ind1=" " ind2=" ">
    <subfield code="2">ddc</subfield>
    <subfield code="c">JR</subfield>
    <subfield code="s">1</subfield>
  </datafield>
  <datafield tag="999" ind1=" " ind2=" ">
    <subfield code="c">23883</subfield>
    <subfield code="d">23883</subfield>
  </datafield>
  <datafield tag="952" ind1=" " ind2=" ">
    <subfield code="0">0</subfield>
    <subfield code="1">0</subfield>
    <subfield code="2">ddc</subfield>
    <subfield code="4">0</subfield>
    <subfield code="7">0</subfield>
    <subfield code="a">CURAJ</subfield>
    <subfield code="b">CURAJ</subfield>
    <subfield code="d">2017-10-26</subfield>
    <subfield code="h">9(1-2),0-2015,0-2015,</subfield>
    <subfield code="l">0</subfield>
    <subfield code="o">801.05 J82J</subfield>
    <subfield code="p">BV428</subfield>
    <subfield code="r">2020-09-17</subfield>
    <subfield code="y">JR</subfield>
  </datafield>
  <datafield tag="952" ind1=" " ind2=" ">
    <subfield code="0">0</subfield>
    <subfield code="1">0</subfield>
    <subfield code="2">ddc</subfield>
    <subfield code="4">0</subfield>
    <subfield code="7">0</subfield>
    <subfield code="a">CURAJ</subfield>
    <subfield code="b">CURAJ</subfield>
    <subfield code="d">2017-10-28</subfield>
    <subfield code="h">10(1-2),0-2016,0-2016,</subfield>
    <subfield code="l">0</subfield>
    <subfield code="o">801.05 J82J</subfield>
    <subfield code="p">BV507</subfield>
    <subfield code="r">2020-09-17</subfield>
    <subfield code="y">JR</subfield>
  </datafield>
  <datafield tag="952" ind1=" " ind2=" ">
    <subfield code="0">0</subfield>
    <subfield code="1">0</subfield>
    <subfield code="2">ddc</subfield>
    <subfield code="4">0</subfield>
    <subfield code="5">1</subfield>
    <subfield code="7">1</subfield>
    <subfield code="a">CURAJ</subfield>
    <subfield code="b">CURAJ</subfield>
    <subfield code="d">2023-04-03</subfield>
    <subfield code="h">4(1-2), 5(1-2), 2010-2011</subfield>
    <subfield code="l">0</subfield>
    <subfield code="o">801.05 J82J</subfield>
    <subfield code="p">BV733</subfield>
    <subfield code="r">2023-04-03</subfield>
    <subfield code="w">2023-04-03</subfield>
    <subfield code="y">JR</subfield>
  </datafield>
  <datafield tag="952" ind1=" " ind2=" ">
    <subfield code="0">0</subfield>
    <subfield code="1">0</subfield>
    <subfield code="2">ddc</subfield>
    <subfield code="4">0</subfield>
    <subfield code="5">1</subfield>
    <subfield code="7">1</subfield>
    <subfield code="a">CURAJ</subfield>
    <subfield code="b">CURAJ</subfield>
    <subfield code="d">2023-04-03</subfield>
    <subfield code="h">6(1-2), 2012</subfield>
    <subfield code="l">0</subfield>
    <subfield code="o">801.05 J82J</subfield>
    <subfield code="p">BV734</subfield>
    <subfield code="r">2023-04-03</subfield>
    <subfield code="w">2023-04-03</subfield>
    <subfield code="y">JR</subfield>
  </datafield>
  <datafield tag="952" ind1=" " ind2=" ">
    <subfield code="0">0</subfield>
    <subfield code="1">0</subfield>
    <subfield code="2">ddc</subfield>
    <subfield code="4">0</subfield>
    <subfield code="5">1</subfield>
    <subfield code="7">1</subfield>
    <subfield code="a">CURAJ</subfield>
    <subfield code="b">CURAJ</subfield>
    <subfield code="d">2023-04-03</subfield>
    <subfield code="h">7(1-2)2013, 8(1-2)2014</subfield>
    <subfield code="l">0</subfield>
    <subfield code="o">801.05 J82J</subfield>
    <subfield code="p">BV735</subfield>
    <subfield code="r">2023-04-03</subfield>
    <subfield code="w">2023-04-03</subfield>
    <subfield code="y">JR</subfield>
  </datafield>
  <datafield tag="952" ind1=" " ind2=" ">
    <subfield code="0">0</subfield>
    <subfield code="1">0</subfield>
    <subfield code="2">ddc</subfield>
    <subfield code="4">0</subfield>
    <subfield code="5">1</subfield>
    <subfield code="7">1</subfield>
    <subfield code="a">CURAJ</subfield>
    <subfield code="b">CURAJ</subfield>
    <subfield code="d">2023-04-12</subfield>
    <subfield code="h">12(1-2), 2018</subfield>
    <subfield code="l">0</subfield>
    <subfield code="o">801.05 J82J</subfield>
    <subfield code="p">BV737</subfield>
    <subfield code="r">2023-04-12</subfield>
    <subfield code="w">2023-04-12</subfield>
    <subfield code="y">JR</subfield>
  </datafield>
  <datafield tag="952" ind1=" " ind2=" ">
    <subfield code="0">0</subfield>
    <subfield code="1">0</subfield>
    <subfield code="2">ddc</subfield>
    <subfield code="4">0</subfield>
    <subfield code="5">1</subfield>
    <subfield code="7">1</subfield>
    <subfield code="a">CURAJ</subfield>
    <subfield code="b">CURAJ</subfield>
    <subfield code="d">2023-04-12</subfield>
    <subfield code="h">11(1-2), 2017</subfield>
    <subfield code="l">0</subfield>
    <subfield code="o">801.05 J82J</subfield>
    <subfield code="p">BV736</subfield>
    <subfield code="r">2023-04-12</subfield>
    <subfield code="w">2023-04-12</subfield>
    <subfield code="y">JR</subfield>
  </datafield>
  <datafield tag="952" ind1=" " ind2=" ">
    <subfield code="0">0</subfield>
    <subfield code="1">0</subfield>
    <subfield code="2">ddc</subfield>
    <subfield code="4">0</subfield>
    <subfield code="5">1</subfield>
    <subfield code="7">1</subfield>
    <subfield code="a">CURAJ</subfield>
    <subfield code="b">CURAJ</subfield>
    <subfield code="d">2023-04-12</subfield>
    <subfield code="h">13(1-2), 2019</subfield>
    <subfield code="l">0</subfield>
    <subfield code="o">801.05 J82J</subfield>
    <subfield code="p">BV738</subfield>
    <subfield code="r">2023-04-12</subfield>
    <subfield code="w">2023-04-12</subfield>
    <subfield code="y">JR</subfield>
  </datafield>
  <datafield tag="952" ind1=" " ind2=" ">
    <subfield code="0">0</subfield>
    <subfield code="1">0</subfield>
    <subfield code="2">ddc</subfield>
    <subfield code="4">0</subfield>
    <subfield code="5">1</subfield>
    <subfield code="7">1</subfield>
    <subfield code="a">CURAJ</subfield>
    <subfield code="b">CURAJ</subfield>
    <subfield code="d">2023-04-12</subfield>
    <subfield code="h">14(1-2), 2020</subfield>
    <subfield code="l">0</subfield>
    <subfield code="o">801.05 J82J</subfield>
    <subfield code="p">BV739</subfield>
    <subfield code="r">2023-04-12</subfield>
    <subfield code="w">2023-04-12</subfield>
    <subfield code="y">JR</subfield>
  </datafield>
</record>
